000 00648nam a22002051c 4500
001 ht013358353
008 070125s2002 gw |||| 000u ger d
020 _a3825859746
_93-8258-5974-6
041 _ager
100 1 _aGries, Sabine
245 0 0 _aKindesmisshandlung in der DDR :
_bKinder unter dem Einfluss traditionell-autoritärer und totalitärer Erziehungsleitbilder /
_cSabine Gries
264 _aMünster [u.a.] :
_bLit,
_c2002
300 _a383 S.
502 _aZugl.: Bochum, Univ., Diss., 2001
655 0 _aHochschulschrift
942 _cMG
040 _cRU-10907106
003 RU-10907106
999 _c6340
_d6340
490 0 _aStudien zur DDR-Gesellschaft
_v9